JHCSC Library Logo Welcome to JHCSC LibraryWhere Every Page Begins a New Adventure.    Vision: A leading public higher education institution serving the ASEAN community through quality, innovative, and culture-sensitive programs.    Mission: To provide relevant and responsive programs in Agriculture, Education, and other fields aligned with its vision. It undertakes applied research, extension, and production services that yield practical and lasting solutions to sector-specific challenges, improving the socio-economic well-being of identified communities.

Basic Computer Design (Record no. 11323)

MARC details
000 -LEADER
fixed length control field 00540nam a22001577a 4500
005 - DATE AND TIME OF LATEST TRANSACTION
control field 20260204081602.0
008 - FIXED-LENGTH DATA ELEMENTS--GENERAL INFORMATION
fixed length control field 260204b |||||||| |||| 00| 0 eng d
020 ## - INTERNATIONAL STANDARD BOOK NUMBER
International Standard Book Number 9789710439287
040 ## - CATALOGING SOURCE
Transcribing agency JHCSC
082 ## - DEWEY DECIMAL CLASSIFICATION NUMBER
Classification number 004 Av948 2007
100 ## - MAIN ENTRY--PERSONAL NAME
9 (RLIN) 10115
Personal name Fredie V. Avendaño | Joemar A. Garraton
Relator term Author
245 ## - TITLE STATEMENT
Title Basic Computer Design
Remainder of title A Simple Guide to MS Publisher
Statement of responsibility, etc. Fredie V. Avendaño | Joemar A. Garraton
260 ## - PUBLICATION, DISTRIBUTION, ETC.
Place of publication, distribution, etc. Baesa, Quezon City
Name of publisher, distributor, etc. Smartbooks Publishing
Date of publication, distribution, etc. c2007
300 ## - PHYSICAL DESCRIPTION
Extent v, 152 pages.
Other physical details illustrations
942 ## - ADDED ENTRY ELEMENTS (KOHA)
Source of classification or shelving scheme Dewey Decimal Classification
Koha item type Book
Holdings
Withdrawn status Lost status Source of classification or shelving scheme Damaged status Not for loan Collection code Home library Current library Shelving location Date acquired Total Checkouts Full call number Barcode Date last seen Price effective from Koha item type
    Dewey Decimal Classification     Information Technology JHCSC - Canuto MS Enero Campus Library JHCSC - Canuto MS Enero Campus Library Circulation 11/13/2017   004 Av948 2007 2017-346 c 02/04/2026 02/04/2026 Book
© J.H. Cerilles State College | All Rights Reserved
Designed by Terhevic L. Bation & Gerald Biad, Library IT Staff